Evolution de Link - The Legend of Zelda - Clic Quiz - Statistiques

Statistiques générales
  • Ce quiz a été pris 4 740 fois
  • Le résultat moyen est 6 sur 11
Statistiques - réponses
Hint Réponse % Correct
The Legend of Zelda
77%
Breath of the Wild
76%
The Wind Waker
67%
Twilight Princess
66%
Ocarina of Time
65%
Echoes of Wisdom
60%
Zelda II: The Adventure of Link
55%
The Minish Cap
47%
A Link Between Worlds
46%
A Link to the Past
45%
Link's Awakening
41%
Aucun quiz correspondant
Distribution des résultats
% des personnes avec chaque résultat
Percentile par nombre de réponses
Votre historique - résultats
Vous n’avez pas pris ce quiz